Na pulze časopis Prešovskej univerzity
| Previous Title: | Prešovská univerzita |
|---|---|
| Other Authors: | , , , |
| Format: | Journal |
| Language: | Slovak |
| PhysicalDescription: | zv. 24-31 cm Online vydanie: Na PUlze (Online) ISSN 1339-3448 |
| Published: |
Prešov
Prešovská univerzita v Prešove
2008-
|
| ISSN: | 1337-9208 1339-3448 |
| Subjects: | |
| Online Access: | http://napulze.unipo.sk |
MARC
| LEADER | 00000cas a2200000 a 4500 | ||
|---|---|---|---|
| 001 | vtls009491852 | ||
| 003 | SK-MaSNL | ||
| 005 | 20260228155945.0 | ||
| 008 | 090414c20089999xo qr|p 0 b0slo | ||
| 022 | |a 1337-9208 | ||
| 040 | |a SVKPO |b slo |c SVKPO |d SNK |e AACR2 | ||
| 041 | 0 | |a slo | |
| 044 | |a xo |c SK | ||
| 072 | 7 | |a 378 |x Vysoké školy |2 konspekt | |
| 080 | |a 378.4 |2 2011 | ||
| 080 | |a 050 |2 2011 | ||
| 080 | |a 070.48 |2 2011 | ||
| 080 | |a (036) |2 2011 | ||
| 210 | 0 | |a Na pulze |b (Tlačené vyd.) | |
| 222 | 0 | |a Na pulze |b (Tlačené vydanie) | |
| 245 | 0 | 0 | |a Na pulze |b časopis Prešovskej univerzity |
| 246 | 1 | 3 | |a Na PUlze |f 2/2009- |
| 260 | |a Prešov |b Prešovská univerzita v Prešove |c 2008- | ||
| 300 | |a zv. |c 24-31 cm | ||
| 310 | |a 5x ročne |b 2017- | ||
| 321 | |a 4x ročne |b 2009-2016 | ||
| 321 | |a 2x ročne |b 2008 | ||
| 362 | 0 | |a Roč. [I], č. 1 (november 2008)- | |
| 500 | |a Šéfredaktorka: 1/2009-1/2011, Martina Ivanová ; 2/2011-2-4/2015, Kamila Urmaničová ; 1/2016-1/2017, Andrea Čajová ; 2/2017- , Anna Poláčková | ||
| 500 | |a Reg. číslo MK SR: EV 2836/08 | ||
| 500 | |a Podnázov sa mení: časopis Prešovskej univerzity v Prešove | ||
| 515 | |a Na obálke uvedený roč. XII. číslo 3/november 2009, správne má byť roč. I. číslo 1/november 2009. Zistené zo stránky http://napulze.unipo.sk/archiv; V č. 1-2/2020 je uvedený chybný ročník IX. | ||
| 530 | |a Online vydanie: Na PUlze (Online) ISSN 1339-3448 | ||
| 610 | 2 | 7 | |a Prešovská univerzita v Prešove |2 SNKKA |9 177485 |
| 650 | 0 | 7 | |a univerzity |2 SNKPH |9 22152 |
| 655 | 7 | |a informačné publikácie |2 SNKPH |9 70181 | |
| 655 | 7 | |a časopisy |2 SNKPH |9 76610 | |
| 700 | 1 | |a Ivanová, Martina, |d 1976- |4 pbd |9 155063 | |
| 700 | 1 | |a Urmaničová, Kamila |4 pbd |9 265670 | |
| 700 | 1 | |a Čajová, Andrea |4 pbd |9 265671 | |
| 700 | 1 | |a Poláčková, Anna |4 pbd |9 6439 | |
| 710 | 2 | |a Prešovská univerzita v Prešove |4 pbl |9 177485 | |
| 776 | 0 | |t Na pulze (Online) |x 1339-3448 | |
| 780 | 0 | 0 | |t Prešovská univerzita |
| 856 | 4 | 1 | |u http://napulze.unipo.sk |
| 910 | |a svkpo | ||
| 910 | |a snk | ||
| 916 | |a 2008-2016, 2017-2018, 2019 | ||
| 999 | |c 996 |d 996 | ||
| 952 | |0 0 |1 0 |4 0 |7 0 |8 0 |a SNK |b SNK |d 2023-07-12 |i snk2023/10722 |l 0 |o snkČSC 3778/12/2019 D1 |p 17A1521005 |r 2026-02-21 19:29:37 |t č. 1-5 |w 2026-02-21 |y PREZ | ||
| 952 | |0 0 |1 0 |4 0 |7 0 |8 0 |a SNK |b SNK |d 2023-07-12 |i snk2023/10723 |l 0 |o snkČSC 3778/13/2020 |p 17A1521006 |r 2026-02-21 19:29:38 |t č. 1-5 |w 2026-02-21 |y PREZ | ||
| 952 | |0 0 |1 0 |4 0 |7 0 |8 0 |a SNK |b SNK |d 2023-07-12 |i snk2023/10725 |l 0 |o snkČSC 3778/14/2021 |p 17A1521007 |r 2026-02-21 19:29:38 |t č. 1-5 |w 2026-02-21 |y PREZ |z Č. 1-2/2021 má uvedený chybný ročník ; (9) | ||
| 952 | |0 0 |1 0 |4 0 |7 0 |8 0 |a SNK |b SNK |d 2023-07-12 |i snk2023/10727 |l 0 |o snkČSC 3778/15/2022 |p 17A1521008 |r 2026-02-21 19:29:49 |t č. 1-5 |w 2026-02-21 |y PREZ | ||
| 952 | |0 0 |1 0 |4 0 |7 0 |8 0 |a SNK |b SNK |d 2025-04-15 |i snk2025/6578 |l 0 |o snkČSC 3778/13/2020 D1 |p 17A1555932 |r 2026-02-21 19:49:39 |t č. 1-5 |w 2026-02-21 |y PREZ | ||
| 952 | |0 0 |1 0 |4 0 |7 0 |8 0 |a SNK |b SNK |d 2025-04-15 |i snk2025/6579 |l 0 |o snkČSC 3778/14/2021 D1 |p 17A1555933 |r 2026-02-21 19:49:39 |t č. 1-5 |w 2026-02-21 |y PREZ | ||
| 952 | |0 0 |1 0 |4 0 |7 0 |8 0 |a SNK |b SNK |d 2025-04-15 |i snk2025/6580 |l 0 |o snkČSC 3778/15/2022 D1 |p 17A1555934 |r 2026-02-21 19:49:39 |t č. 1-5 |w 2026-02-21 |y PREZ | ||
| 952 | |0 0 |1 0 |4 0 |7 0 |8 0 |a SNK |b SNK |d 2019-04-29 |f 1 |i snk2019/12147 |l 0 |o snkČSC 3778/10/2017 |p 17A1366541 |r 2026-02-21 21:59:24 |t č. 1-5 |w 2026-02-21 |y PREZ | ||
| 952 | |0 0 |1 0 |4 0 |7 0 |8 0 |a SNK |b SNK |d 2019-04-30 |i snk2019/12210 |l 0 |o snkČSC 3778/10/2017 D1 |p 17A1366542 |r 2026-02-21 21:59:39 |t č. 1-5 |w 2026-02-21 |y PREZ | ||
| 952 | |0 0 |1 0 |4 0 |7 0 |8 0 |a SNK |b SNK |d 2019-04-30 |f 1 |i snk2019/12211 |l 0 |o snkČSC 3778/11/2018 |p 17A1366543 |r 2026-02-21 21:59:39 |t č. 1-5 |w 2026-02-21 |y PREZ | ||
| 952 | |0 0 |1 0 |4 0 |7 0 |8 0 |a SNK |b SNK |d 2019-04-30 |i snk2019/12212 |l 0 |o snkČSC 3778/11/2018 D1 |p 17A1366544 |r 2026-02-21 21:59:39 |t č. 1-5 |w 2026-02-21 |y PREZ | ||
| 952 | |0 0 |1 0 |4 0 |7 0 |8 0 |a SNK |b SNK |d 2020-10-22 |f 1 |i snk2020/19393 |l 0 |o snkČSC 3778/12/2019 |p 17A1432407 |r 2026-02-21 22:23:21 |t č. 1-5 |w 2026-02-21 |y PREZ | ||
| 952 | |0 0 |1 0 |4 0 |7 0 |8 0 |a SNK |b SNK |d 2018-01-18 |f 1 |i snk2018/1334 |l 0 |o snkČSC 3778/1/2008 |p 17A1267394 |r 2026-02-21 22:26:04 |t č. 1-2, neúplné |w 2026-02-21 |y PREZ |z Chýba č. 2 | ||
| 952 | |0 0 |1 0 |4 0 |7 0 |8 0 |a SNK |b SNK |d 2018-01-18 |f 1 |i snk2018/1350 |l 0 |o snkČSC 3778/2/2009 |p 17A1267400 |r 2026-02-21 22:26:04 |t č. 1-4 |w 2026-02-21 |y PREZ | ||
| 952 | |0 0 |1 0 |4 0 |7 0 |8 0 |a SNK |b SNK |d 2018-01-18 |i snk2018/1352 |l 0 |o snkČSC 3778/2/2009 D1 |p 17A1267401 |r 2026-02-21 22:26:04 |t č. 1-4 |w 2026-02-21 |y PREZ | ||
| 952 | |0 0 |1 0 |4 0 |7 0 |8 0 |a SNK |b SNK |d 2018-01-18 |f 1 |i snk2018/1355 |l 0 |o snkČSC 3778/3/2010 |p 17A1267402 |r 2026-02-21 22:26:04 |t č. 1-4 |w 2026-02-21 |y PREZ | ||
| 952 | |0 0 |1 0 |4 0 |7 0 |8 0 |a SNK |b SNK |d 2018-01-18 |i snk2018/1356 |l 0 |o snkČSC 3778/3/2010 D1 |p 17A1267403 |r 2026-02-21 22:26:04 |t č. 1-4 |w 2026-02-21 |y PREZ | ||
| 952 | |0 0 |1 0 |4 0 |7 0 |8 0 |a SNK |b SNK |d 2018-01-18 |f 1 |i snk2018/1360 |l 0 |o snkČSC 3778/4/2011 |p 17A1267404 |r 2026-02-21 22:26:05 |t č. 1-4 |w 2026-02-21 |y PREZ | ||
| 952 | |0 0 |1 0 |4 0 |7 0 |8 0 |a SNK |b SNK |d 2018-01-18 |i snk2018/1368 |l 0 |o snkČSC 3778/4/2011 D1 |p 17A1267405 |r 2026-02-21 22:26:05 |t č. 1-4 |w 2026-02-21 |y PREZ | ||
| 952 | |0 0 |1 0 |4 0 |7 0 |8 0 |a SNK |b SNK |d 2018-01-18 |f 1 |i snk2018/1371 |l 0 |o snkČSC 3778/5/2012 |p 17A1267406 |r 2026-02-21 22:26:05 |t č. 1-4 |w 2026-02-21 |y PREZ | ||
| 952 | |0 0 |1 0 |4 0 |7 0 |8 0 |a SNK |b SNK |d 2018-01-18 |i snk2018/1379 |l 0 |o snkČSC 3778/5/2012 D1 |p 17A1267407 |r 2026-02-21 22:26:05 |t č. 1-4 |w 2026-02-21 |y PREZ | ||
| 952 | |0 0 |1 0 |4 0 |7 0 |8 0 |a SNK |b SNK |d 2018-01-18 |f 1 |i snk2018/1382 |l 0 |o snkČSC 3778/6/2013 |p 17A1267408 |r 2026-02-21 22:26:05 |t č. 1-4 |w 2026-02-21 |y PREZ | ||
| 952 | |0 0 |1 0 |4 0 |7 0 |8 0 |a SNK |b SNK |d 2018-01-18 |i snk2018/1390 |l 0 |o snkČSC 3778/6/2013 D1 |p 17A1267409 |r 2026-02-21 22:26:05 |t č. 1-4 |w 2026-02-21 |y PREZ | ||
| 952 | |0 0 |1 0 |4 0 |7 0 |8 0 |a SNK |b SNK |d 2018-01-18 |f 1 |i snk2018/1394 |l 0 |o snkČSC 3778/7/2014 |p 17A1267410 |r 2026-02-21 22:26:05 |t č. 1-4 |w 2026-02-21 |y PREZ | ||
| 952 | |0 0 |1 0 |4 0 |7 0 |8 0 |a SNK |b SNK |d 2018-01-18 |i snk2018/1395 |l 0 |o snkČSC 3778/7/2014 D1 |p 17A1267411 |r 2026-02-21 22:26:05 |t č. 1-4 |w 2026-02-21 |y PREZ | ||
| 952 | |0 0 |1 0 |4 0 |7 0 |8 0 |a SNK |b SNK |d 2018-01-18 |f 1 |i snk2018/1406 |l 0 |o snkČSC 3778/8/2015 |p 17A1267412 |r 2026-02-21 22:26:05 |t č. 1-4 |w 2026-02-21 |y PREZ | ||
| 952 | |0 0 |1 0 |4 0 |7 0 |8 0 |a SNK |b SNK |d 2018-01-18 |i snk2018/1408 |l 0 |o snkČSC 3778/8/2015 D1 |p 17A1267413 |r 2026-02-21 22:26:08 |t č. 1-4 |w 2026-02-21 |y PREZ | ||
| 952 | |0 0 |1 0 |4 0 |7 0 |8 0 |a SNK |b SNK |d 2018-01-18 |f 1 |i snk2018/1450 |l 0 |o snkČSC 3778/9/2016 |p 17A1267414 |r 2026-02-21 22:26:09 |t č. 1-4 + mim. č. |w 2026-02-21 |y PREZ | ||
| 952 | |0 0 |1 0 |4 0 |7 0 |8 0 |a SNK |b SNK |d 2018-01-18 |i snk2018/1451 |l 0 |o snkČSC 3778/9/2016 D1 |p 17A1267415 |r 2026-02-21 22:26:09 |t č. 1-4 + mim. č. |w 2026-02-21 |y PREZ | ||


